000 00567nam a2200181Ia 4500
999 _c14929
_d14929
003 OSt
005 20201019103228.0
008 190216s9999||||xx |||||||||||||| ||und||
020 _a97889351509141
040 _coclc
082 _a305.40954
_bDAR/R
100 _aDarooka, Priti
_95871
245 0 _aRoad To Rights:
_bWomen, Social Security and Protection in India /
_cPriti Darooka
260 _bSage Publications,
_c2014.
_aNew Delhi:
300 _a998p
650 _aWomen Conflicts
942 _cBK
_2ddc
_h305.40954
_iDAR/R
_k305.40954
_mDAR/R